Filled with new wine: (Record no. 14157)

000 -LEADER
fixed length control field 00664nam a2200217 a 4500
001 - CONTROL NUMBER
control field :::00011981$&:&@@
003 - CONTROL NUMBER IDENTIFIER
control field OkBaRHE
005 - DATE AND TIME OF LATEST TRANSACTION
control field 20000607103414.0
008 - FIXED-LENGTH DATA ELEMENTS--GENERAL INFORMATION
fixed length control field s1974 j 000 0 eng u
020 ## - INTERNATIONAL STANDARD BOOK NUMBER
International Standard Book Number 0060641875
040 ## - CATALOGING SOURCE
Transcribing agency
100 1# - MAIN ENTRY--PERSONAL NAME
Personal name Jones, James William, 1943-
245 10 - TITLE STATEMENT
Title Filled with new wine:
Remainder of title the charismatic renewal of the church.
250 ## - EDITION STATEMENT
Edition statement [1st ed.]
260 ## - PUBLICATION, DISTRIBUTION, ETC. (IMPRINT)
Place of publication, distribution, etc New York, NY., :
Name of publisher, distributor, etc Harper & Row
Date of publication, distribution, etc 1974
300 ## - PHYSICAL DESCRIPTION
Extent xiii, 141 p. ;
Dimensions 21 cm.
650 ## - SUBJECT ADDED ENTRY--TOPICAL TERM
Topical term or geographic name as entry element Church Renewal
650 ## - SUBJECT ADDED ENTRY--TOPICAL TERM
Topical term or geographic name as entry element Pentecostalism
942 ## - ADDED ENTRY ELEMENTS (KOHA)
Source of classification or shelving scheme
Koha item type Books
Copies
Source of classification or shelving scheme Withdrawn status Price effective from Lost status Date last seen Damaged status Not for loan Shelving location Permanent Location Koha item type Copy number Barcode Date acquired Full call number
  2010-04-14 2010-04-14  General StacksRHEMA Bible Training CollegeBooks1119812010-04-14BX 8763 .J65